| 000 | 00685nam a2200217Ia 4500 | ||
|---|---|---|---|
| 005 | 20250224211711.0 | ||
| 008 | 210303s9999 xx 000 0 und d | ||
| 016 | _2retro2022 | ||
| 020 | _a9789788088771 | ||
| 040 |
_aNLN _bEnglish _eAACR2 |
||
| 050 |
_aDT515.83.A231 _bA3 |
||
| 082 | _a920.71 | ||
| 100 |
_aADELOYE, Adelola _eaut _919390 |
||
| 245 | 0 |
_aMy salad days : _bthe primary schools years / _cAdelola Adeloye |
|
| 260 |
_aIbadan, Oyo State (2, Awosika Avenue Bodija Estate) : _bBook Builders Education Africa, _c2009 |
||
| 300 |
_avii, 164p. : _bill. ports. ; 22cm. |
||
| 563 | _a(pbk) | ||
| 650 |
_aAdeloye, Adelola _924611 |
||
| 650 |
_aReminiscing _9135 |
||
| 942 |
_n0 _cBK |
||
| 999 |
_c12257 _d12257 |
||